| 000 | 00361nam a22001577a 4500 | ||
|---|---|---|---|
| 003 | SGT | ||
| 020 | _a818974730-4 | ||
| 082 |
_a615.1 _bALI |
||
| 100 | _aALI, DR. JAVED | ||
| 245 | _aINDUSTRIAL PHARMACEUTICAL TECHNOLOGY | ||
| 250 | _a3RD | ||
| 260 |
_aINDIA _bBIRLA PUB. _c2025 |
||
| 300 | _a192 | ||
| 650 | _aPHARMACEUTICAL TECHNOLOGY | ||
| 942 |
_2ddc _cBK |
||
| 999 |
_c32933 _d32933 |
||